| Поле | Инд. | ПП | Название | Значение |
|---|---|---|---|---|
| Тип записи | a | |||
| Библиографический уровень | m | |||
| 001 | Контрольный номер | 8d499455-1beb-4aa0-9189-d4b987fc9c8c | ||
| 005 | Дата корректировки | 20140226153602.3 | ||
| 008 | Кодируемые данные | 010202 d | ||
| 020 | a | ISBN | 5-02-012754-X (в пер.) | |
| c | Цена, тираж | 8.00 | ||
| 040 | a | Служба первич. каталог. | RU-RKP | |
| 040 | a | Служба первич. каталог. | НБ ТвГУ | |
| 041 | a | Код языка текста | rus | |
| 080 | a | Индекс УДК | 008(=82)(091)"18" | |
| 084 | a | Индекс другой классификации/Индекс ББК | Щ03(2)5 | |
| 090 | x | Авторский знак | Р89 | |
| a | Полочн. индекс | Щ03(2)5 | ||
| 245 | a | Заглавие | Русская художественная культура второй половины XIX века | |
| b | Продолж. заглавия | Картина мира : [Сборник] | ||
| c | Ответственность | АН СССР. ВНИИ искусствознания М-ва культуры СССР; [Отв. ред. Г.Ю. Стернин] | ||
| c | Ответственность | ВНИИ искусствознания М-ва культуры СССР | ||
| 260 | 0_ | a | Место издания | Москва |
| b | Издательство | Наука | ||
| c | Дата издания | 1991 | ||
| 300 | a | Объем | 392,[3] с. | |
| c | Размеры | 23 см | ||
| 504 | a | Библиография | Библиогр. в примеч. в конце ст. | |
| 650 | a | Основная рубрика | Искусство | |
| x | Основная подрубрика | История | ||
| y | Хронологическая подрубрика | 19 в. | ||
| z | Географическая подрубрика | Россия | ||
| 650 | a | Основная рубрика | Художественная культура | |
| 650 | a | Основная рубрика | Русское искусство | |
| 653 | a | Ключевые слова | Искусство | |
| a | Ключевые слова | Художественная культура | ||
| a | Ключевые слова | Русская художественная культура | ||
| a | Ключевые слова | Русское искусство | ||
| 700 | 1_ | a | Другие авторы | Стернин Григорий Юрьевич |
| e | Роль лиц | ред. | ||
| 852 | t | Порядковый номер экземпляра | 1 | |
| p | Инвентарный номер | 632200 | ||
| 852 | t | Порядковый номер экземпляра | 1 | |
| p | Инвентарный номер | 632199 | ||
| 954 | a | Дата поступления на обработку | 20000905 | |
| 999 | a | Подразделение 2 | аб. | |
| a | Подразделение 2 | ч.з. |